KOHA-Header-6

Professional SQL Server 2000 Database Design (Record no. 8405)

000 -LEADER
fixed length control field 00256nam a2200109Ia 4500
020 ## - INTERNATIONAL STANDARD BOOK NUMBER
ISBN 978-1861004765
100 ## - MAIN ENTRY--AUTHOR NAME
Personal name Louis Davidson
245 #0 - TITLE STATEMENT
Title Professional SQL Server 2000 Database Design
260 ## - PUBLICATION, DISTRIBUTION, ETC. (IMPRINT)
Place of publication UK
Name of publisher McGraw Hill
Year of publication 1994
300 ## - PHYSICAL DESCRIPTION
Number of Pages 521
942 ## - ADDED ENTRY ELEMENTS (KOHA)
Koha item type Books
Holdings
Withdrawn status Lost status Collection code Permanent Location Current Location Shelving location Date acquired Full call number Accession Number Koha item type
    Computer Science MAJU MAJU   2019-09-14 005.15 3098 Computer Science

Powered by Koha